[Event "POL-chT 2nd League"]
[Site "Wysowa"]
[Date "2005.08.29"]
[Round "3.62"]
[White "Szwier, Eugeniusz"]
[Black "Moskwinski, Tadeusz"]
[Result "1-0"]
[WhiteElo "2249"]
[BlackElo "2194"]
[PlyCount "55"]
[EventDate "2005.08.27"]
[EventType "team-swiss"]
[EventRounds "9"]
[EventCountry "POL"]
[SourceTitle "EXT 2019"]
[Source "ChessBase"]
[SourceDate "2018.10.10"]
[SourceVersion "1"]
[SourceVersionDate "2018.10.10"]
[SourceQuality "1"]
[WhiteTeam "Milanowek UKS Jedwabnik"]
[BlackTeam "Zielonka Zieloni"]
[WhiteTeamCountry "POL"]
[BlackTeamCountry "POL"]

1. d4 Nf6 2. c4 c6 3. Nc3 d5 4. Nf3 dxc4 5. a4 Bf5 6. e3 e6 7. Bxc4 Bb4 8. 0-0 Nbd7 9. Qe2 Bg6 10. Ne5 Nxe5 11. dxe5 Nd7 12. f4 Nc5 13. Rd1 Qa5 14. Na2 Ne4 15. Nxb4 Qxb4 16. b3 Qb6 17. a5 Qc7 18. Rd4 Rd8 19. Bb2 0-0 20. b4 c5 21. bxc5 Nxc5 22. g4 Be4 23. h4 a6 24. g5 Qc6 25. Re1 Rfe8 26. Ba3 b6 27. axb6 Qxb6 28. Bxc5 1-0

[Event "POL-chT 2nd League"]
[Site "Wysowa"]
[Date "2003.09.14"]
[Round "11"]
[White "Szwier, Eugeniusz"]
[Black "Tomaszewski, Roman"]
[Result "0-1"]
[WhiteElo "2237"]
[BlackElo "2327"]
[PlyCount "57"]
[EventDate "2003.09.06"]
[EventType "team-swiss"]
[EventRounds "11"]
[EventCountry "POL"]
[SourceTitle "CBM 096 Extra"]
[Source "ChessBase"]
[SourceDate "2003.10.22"]
[SourceVersion "2"]
[SourceVersionDate "2003.10.20"]
[SourceQuality "1"]
[WhiteTeam "Milanowek UKS Jedwabnik"]
[BlackTeam "Czestochowa Hetman"]
[WhiteTeamCountry "POL"]
[BlackTeamCountry "POL"]

1. g3 e5 2. Bg2 f5 3. d3 Nf6 4. c4 Nc6 5. Nc3 d6 6. e3 Be7 7. Nge2 0-0 8. 0-0 Qe8 9. Rb1 Bd7 10. b4 Nd8 11. d4 Kh8 12. b5 c6 13. a4 Qf7 14. bxc6 Bxc6 15. d5 Be8 16. c5 Rg8 17. Ba3 dxc5 18. d6 Bf8 19. Bxc5 Bc6 20. Bxc6 Nxc6 21. Qb3 Qxb3 22. Rxb3 b6 23. Ba3 Na5 24. Rb5 Nc4 25. Nb1 Nxd6 26. Bxd6 Bxd6 27. Nd2 Rge8 28. Nf3 Rac8 29. Rd1 0-1

[Event "Milanowek op"]
[Site "Milanowek"]
[Date "2001.??.??"]
[Round "2"]
[White "Adamski, Jan"]
[Black "Szwier, Eugeniusz"]
[Result "0-1"]
[WhiteElo "2360"]
[BlackElo "2105"]
[PlyCount "124"]
[EventDate "2001.??.??"]
[EventType "swiss"]
[EventRounds "9"]
[EventCountry "POL"]
[SourceTitle "EXT 2003"]
[Source "ChessBase"]
[SourceDate "2002.11.25"]
[SourceVersion "1"]
[SourceVersionDate "2002.11.25"]
[SourceQuality "1"]

1. Nf3 d5 2. c4 e6 3. g3 c6 4. Bg2 Nf6 5. Qc2 g6 6. b3 Bg7 7. Ba3 Ne4 8. Bb2 f6 9. 0-0 0-0 10. d3 Nd6 11. Nc3 Na6 12. Ba3 Re8 13. e4 dxe4 14. dxe4 Nf7 15. Rfd1 Qa5 16. Na4 e5 17. c5 Bg4 18. h3 Bxf3 19. Bxf3 Rad8 20. Be2 Bf8 21. Bxa6 Qxa6 22. Bc1 Rxd1+ 23. Qxd1 Rd8 24. Qf1 Qa5 25. Be3 Qb4 26. Qb1 Ng5 27. Bxg5 fxg5 28. Qe1 Bxc5 29. Nxc5 Qxc5 30. Qe2 Qd4 31. Rf1 Kg7 32. Qg4 Rf8 33. Qxg5 Qxe4 34. Rd1 Rf7 35. h4 Qe2 36. Rd2 Qe1+ 37. Kg2 h6 38. Qd8 Qe4+ 39. Kg1 b6 40. Kh2 c5 41. Rd7 Qf5 42. Rxf7+ Qxf7 43. Kg1 e4 44. Qd6 Kh7 45. Qe5 Qb7 46. g4 a6 47. Kf1 Qc6 48. Qe7+ Kg8 49. Qd8+ Kf7 50. Kg1 b5 51. Qh8 Qe6 52. Qh7+ Ke8 53. Qxh6 Qxg4+ 54. Kf1 Qd1+ 55. Kg2 Qg4+ 56. Kf1 Qf5 57. Qh8+ Kd7 58. Qg7+ Kc6 59. Qa7 e3 60. Qxa6+ Kd5 61. Qa8+ Kd4 62. f3 Qh3+ 0-1

[Event "Milanowek op"]
[Site "Milanowek"]
[Date "2001.??.??"]
[Round "9"]
[White "Szwier, Eugeniusz"]
[Black "Michniewski, Tomasz"]
[Result "1-0"]
[WhiteElo "2105"]
[BlackElo "2245"]
[PlyCount "91"]
[EventDate "2001.??.??"]
[EventType "swiss"]
[EventRounds "9"]
[EventCountry "POL"]
[SourceTitle "EXT 2003"]
[Source "ChessBase"]
[SourceDate "2002.11.25"]
[SourceVersion "1"]
[SourceVersionDate "2002.11.25"]
[SourceQuality "1"]

1. Nf3 Nf6 2. g3 g6 3. Bg2 Bg7 4. 0-0 c5 5. d3 d5 6. Nbd2 Nc6 7. c3 0-0 8. e4 e5 9. Qc2 Re8 10. Rd1 h6 11. Nf1 Be6 12. Be3 d4 13. Bd2 Qd6 14. c4 Nh5 15. Nh4 Kh7 16. Bf3 Nf6 17. Bg2 Ng8 18. f4 f5 19. exf5 gxf5 20. fxe5 Qd7 21. Bxc6 Qxc6 22. Bf4 Ne7 23. Nd2 Qd7 24. Ndf3 Nc6 25. Re1 Re7 26. Qg2 Rae8 27. a3 a5 28. Qh3 Nd8 29. Rab1 Nf7 30. b4 axb4 31. axb4 b6 32. bxc5 bxc5 33. Rb5 Qc8 34. Reb1 Bd7 35. Rb6 Rxe5 36. Nxe5 Nxe5 37. Bxe5 Rxe5 38. Nf3 Re7 39. Ng5+ Kg8 40. Rb8 Re1+ 41. Qf1 Rxf1+ 42. Kxf1 Be5 43. Rxc8+ Bxc8 44. Nf3 Bc7 45. Ra1 Bb7 46. Ra7 1-0

[Event "Warsaw-ch U20"]
[Site "Warsaw"]
[Date "2000.04.14"]
[Round "8"]
[White "Szwier, Eugeniusz"]
[Black "Skurski, Jan"]
[Result "1-0"]
[WhiteElo "2000"]
[BlackElo "2059"]
[PlyCount "189"]
[EventDate "2000.04.07"]
[EventType "tourn"]
[EventRounds "11"]
[EventCountry "POL"]
[SourceTitle "EXT 2005"]
[Source "ChessBase"]
[SourceDate "2004.11.15"]
[SourceVersion "1"]
[SourceVersionDate "2004.11.15"]
[SourceQuality "1"]

1. d4 Nf6 2. c4 g6 3. Nc3 Bg7 4. e4 d6 5. Nf3 0-0 6. Be2 e5 7. d5 Ne8 8. Qc2 f5 9. Bd3 f4 10. Nd2 g5 11. f3 g4 12. b3 Qh4+ 13. Kd1 Na6 14. Ba3 Qf2 15. Nf1 Qxc2+ 16. Kxc2 gxf3 17. gxf3 Nc5 18. Bxc5 dxc5 19. Nd2 Nd6 20. a3 a5 21. Rab1 b6 22. a4 Bd7 23. Rbg1 Kh8 24. Ndb1 Bf6 25. Kd2 Bh4 26. Nd1 Rg8 27. Bf1 Nf7 28. Ke2 Ng5 29. Nf2 Rae8 30. Nc3 Nf7 31. Ncd1 Ng5 32. Nb2 Nf7 33. Nbd3 h5 34. Bh3 Bxh3 35. Nxh3 Kh7 36. Kf1 Bg5 37. Rg2 Bh4 38. Rhg1 Rxg2 39. Rxg2 Kh6 40. Ng1 Ng5 41. Ke2 Nf7 42. Nh3 Bf6 43. Nhf2 Be7 44. Nd1 Bd6 45. Nc3 Ng5 46. Nb5 Rf8 47. Ne1 Nh3 48. Kf1 Ra8 49. Nc2 Ng5 50. Ke2 Rf8 51. Ne1 Nh3 52. Kf1 Ra8 53. Rc2 Rg8 54. Ng2 Kg5 55. Ne3 Kf6 56. Rg2 Rd8 57. Nf5 Ng5 58. Kf2 Nh3+ 59. Ke2 Ng5 60. Rg1 Nf7 61. h4 Ra8 62. Kf2 Rh8 63. Rg2 Ra8 64. Kg1 Rh8 65. Kh2 Ra8 66. Kh3 Rh8 67. Ng7 Nd8 68. Rg1 Nf7 69. Ne6 Rc8 70. Ng5 Nh6 71. Rg2 Rh8 72. Ne6 Rh7 73. Rg5 Nf7 74. Rf5+ Ke7 75. Nbxc7 Bxc7 76. Nxc7 Rg7 77. Ne6 Rg3+ 78. Kh2 Ke8 79. Ng5 Nxg5 80. Rxg5 Rxf3 81. Rxh5 Rxb3 82. Rxe5+ Kd7 83. h5 Rb2+ 84. Kg1 Rb1+ 85. Kf2 Rh1 86. Kf3 Rh4 87. Rf5 Ke7 88. e5 Kd7 89. Rg5 Ke7 90. Ke4 Kf7 91. e6+ Kf8 92. d6 f3+ 93. Kxf3 Rxc4 94. e7+ Kf7 95. Re5 1-0

[Event "Warsaw-ch U20"]
[Site "Warsaw"]
[Date "2000.04.11"]
[Round "5"]
[White "Slaby, Jerzy"]
[Black "Szwier, Eugeniusz"]
[Result "0-1"]
[WhiteElo "2000"]
[BlackElo "2000"]
[PlyCount "104"]
[EventDate "2000.04.07"]
[EventType "tourn"]
[EventRounds "11"]
[EventCountry "POL"]
[SourceTitle "EXT 2005"]
[Source "ChessBase"]
[SourceDate "2004.11.15"]
[SourceVersion "1"]
[SourceVersionDate "2004.11.15"]
[SourceQuality "1"]

1. e4 e6 2. d4 d5 3. Nc3 Nf6 4. e5 Nfd7 5. f4 c5 6. Nf3 a6 7. Be3 Nc6 8. Qd2 cxd4 9. Nxd4 Nxd4 10. Bxd4 Bc5 11. 0-0-0 Bxd4 12. Qxd4 Qb6 13. g3 Qxd4 14. Rxd4 b5 15. a4 bxa4 16. Nxa4 Ke7 17. Bg2 Rb8 18. Rhd1 Bb7 19. c3 Bc6 20. Kc2 Rb7 21. Bf1 Rhb8 22. Rb1 Bb5 23. Rb4 g6 24. b3 Bxf1 25. Rxb7 Rxb7 26. Rxf1 a5 27. Ra1 h5 28. Ra3 Nb8 29. Nb2 Nc6 30. c4 f6 31. exf6+ Kxf6 32. cxd5 exd5 33. Nd3 Kf5 34. Kc3 Re7 35. Ne5 Nxe5 36. fxe5 Kxe5 37. Rxa5 Rc7+ 38. Kb2 Rb7 39. Kc3 Ke4 40. Ra6 d4+ 41. Kb2 d3 42. Rxg6 Rc7 43. Re6+ Kf3 44. Rf6+ Ke2 45. Re6+ Kd1 46. h4 d2 47. Re5 Rc2+ 48. Kb1 Rc3 49. Kb2 Rxg3 50. Rd5 Rg2 51. Rxh5 Ke1 52. Rd5 d1Q+ 0-1

[Event "Warsaw-ch U20"]
[Site "Warsaw"]
[Date "2000.04.11"]
[Round "6"]
[White "Szwier, Eugeniusz"]
[Black "Bartel, Michal"]
[Result "1-0"]
[WhiteElo "2000"]
[BlackElo "2029"]
[PlyCount "52"]
[EventDate "2000.04.07"]
[EventType "tourn"]
[EventRounds "11"]
[EventCountry "POL"]
[SourceTitle "EXT 2005"]
[Source "ChessBase"]
[SourceDate "2004.11.15"]
[SourceVersion "1"]
[SourceVersionDate "2004.11.15"]
[SourceQuality "1"]

1. d4 Nf6 2. c4 a6 3. e3 c5 4. b3 e6 5. Bb2 Be7 6. g3 0-0 7. Bg2 d5 8. cxd5 Nxd5 9. Ne2 Nc6 10. 0-0 cxd4 11. Nxd4 Nxd4 12. Bxd4 Qa5 13. Nd2 b5 14. Qe2 Bb7 15. Ne4 Rac8 16. Rfc1 f6 17. Nc5 Bxc5 18. Rxc5 Rxc5 19. Bxc5 Rc8 20. b4 Qa4 21. Qb2 Ba8 22. Bh3 Kf7 23. Bf1 Rd8 24. Be2 Nc7 25. Bb6 Rd7 26. Bxc7 Rxc7 1-0

[Event "Milanowek-ch"]
[Site "Milanowek"]
[Date "2000.??.??"]
[Round "3"]
[White "Szwier, Eugeniusz"]
[Black "Moskwinski, Tadeusz"]
[Result "1-0"]
[WhiteElo "2000"]
[BlackElo "2004"]
[PlyCount "165"]
[EventDate "2000.07.??"]
[EventType "swiss"]
[EventRounds "9"]
[EventCountry "POL"]
[SourceTitle "EXT 2005"]
[Source "ChessBase"]
[SourceDate "2004.11.15"]
[SourceVersion "1"]
[SourceVersionDate "2004.11.15"]
[SourceQuality "1"]

1. d4 d5 2. c4 c6 3. Nc3 Nf6 4. Nf3 e6 5. cxd5 exd5 6. Bg5 Be7 7. Qc2 Nbd7 8. e3 0-0 9. Bd3 Re8 10. 0-0 Nf8 11. Rab1 Ne4 12. Bxe7 Qxe7 13. Bxe4 dxe4 14. Nd2 f5 15. b4 Be6 16. Rfd1 Rac8 17. Na4 Nd7 18. Nc5 Nb6 19. Ndb3 Nd5 20. Nxe6 Qxe6 21. Nc5 Qe7 22. Qb3 b6 23. Na4 Qd6 24. b5 Kh8 25. Nc3 Nxc3 26. Qxc3 Rc7 27. Rb2 Rec8 28. Rc2 c5 29. g3 h6 30. Qa3 Qd7 31. Qa6 c4 32. Qa4 Qd5 33. Qb4 Kh7 34. a4 Kh8 35. Rc3 Kh7 36. Ra1 Qe6 37. a5 Qd5 38. axb6 axb6 39. Ra6 Qe6 40. Qa3 Rd7 41. Ra8 Rxa8 42. Qxa8 Rd5 43. Qc6 Rd6 44. Qxc4 Qxc4 45. Rxc4 Rd5 46. Rb4 Kg6 47. Kf1 Kg5 48. Kg2 Kg4 49. h3+ Kh5 50. f3 g5 51. Rb2 Kg6 52. g4 Kf6 53. Kg3 Kg6 54. f4 Kf6 55. h4 Kg6 56. Rb1 Kf6 57. Rb2 Kg6 58. fxg5 hxg5 59. h5+ Kh6 60. gxf5 Rxf5 61. Kg4 Rf3 62. Re2 Rf1 63. Rc2 Rf3 64. Rc6+ Kg7 65. Kxg5 Rxe3 66. Rxb6 Rd3 67. h6+ Kh7 68. Rb7+ Kg8 69. Kg6 Rg3+ 70. Kf5 e3 71. Re7 Rh3 72. Kf4 Rxh6 73. Kxe3 Rb6 74. Re5 Kf7 75. Kd3 Kf6 76. Kc4 Kf7 77. Kc5 Rb8 78. b6 Rc8+ 79. Kb5 Rc2 80. b7 Rb2+ 81. Kc6 Rc2+ 82. Rc5 Rb2 83. Rb5 1-0